000 01011nam a22002651u 4500
001 12307
003 HDC
007 cr bn ---
008 210209p2004 my eng
040 _aHDC
100 _aKamariah Long,
_eauthor
_912595
245 0 _aScreening, isolation and identification of microbial lipase producersfrom palm oil mills /
_cby Kamariah Long, Noor Azlin Mokthar, Mimi Nora Mansor, Ainon Hamzah and Lai Oi Ming
260 _aSerdang :
_bMalaysian Agricultural Research and Development Institute (MARDI),
_c2004
300 _a1 page
336 _atext
_2rdacontent
337 _acomputer
_2rdamedia
338 _aonline resource
_2rdacarrier
650 _aIdentification
_96747
650 _aPalm oil mill
_912850
650 _aScreening
_912849
856 _zRequest full-text at [email protected]
942 _2lcc
942 _cAR
942 _kJART 003086
999 _c9630
_d9630